00457 2200169 4500001002100000005001500021008004100036035001900077041000600096082001000102090001600112100000800128245003800136260007700174300001900251650001700270INLIS00000000000587820241224113202241224||||||||| | ||| |||| ||  0010-1224005878 a00 a330.1 a330.1 IND p0 atim00aPaket Kebijakan Ekonomi Indonesia aJakartabKementerian Komunikasi Dan Informatika Republik Indonesiac2016 a64 hlm.; 15 cm 0aIlmu Ekonomi